Robur el conquistador / (Record no. 167316)

MARC details
000 -LEADER
campo de control de longitud fija 01008nam a22002535i 4500
001 - NÚMERO DE CONTROL
campo de control 167316
003 - IDENTIFICADOR DE NÚMERO DE CONTROL
campo de control ES-MaACL
005 - FECHA Y HORA DE LA ÚLTIMA TRANSACCIÓN
campo de control 20250818063112.0
008 - DATOS DE LONGITUD FIJA--INFORMACIÓN GENERAL
campo de control de longitud fija 020926s1886 sp a |||| | spa d
040 ## - FUENTE DE CATALOGACIÓN
Centro catalogador/agencia de origen EUS
Lengua de catalogación spa
Centro/agencia transcriptor EUS
100 1# - ENTRADA PRINCIPAL--NOMBRE DE PERSONA
Nombre de persona Verne, Jules,
Fechas asociadas al nombre 1828-1905
9 (RLIN) 188654
245 10 - MENCIÓN DEL TÍTULO
Título Robur el conquistador /
Mención de responsabilidad, etc. por Julio Verne ; traducción de Carlos Ochoa.
250 ## - MENCION DE EDICION
Mención de edición Ed. ilustrada ... / por Benett.
260 ## - PUBLICACIÓN, DISTRIBUCIÓN, ETC.
Lugar de publicación, distribución, etc. Madrid :
Nombre del editor, distribuidor, etc. Agustín Jubera,
Fecha de publicación, distribución, etc. 1886 (
Fabricante imprenta de Enrique Rubiños)
300 ## - DESCRIPCIÓN FÍSICA
Extensión 1 v. :
Otras características físicas il. ;
Dimensiones 27 cm.
500 ## - NOTA GENERAL
Nota general 2 pt. en 1 v.
530 ## - NOTA DISPONIBLE DE FORMULARIO FÍSICO ADICIONAL
Nota de formato físico adicional disponible Disponible en formato digital.
597 #1 - NOTA DE DESCRIPCIÓN FÍSICA
NOTA DE DESCRIPCIÓN FÍSICA Primera parte (62 p.) -- Segunda parte (64 p.)
700 1# - ENTRADA AGREGADA--NOMBRE PERSONAL
Nombre de persona Bénett, Léon,
Fechas asociadas al nombre 1839-1916
9 (RLIN) 27541
700 1# - ENTRADA AGREGADA--NOMBRE PERSONAL
Nombre de persona Ochoa, Carlos de.
9 (RLIN) 130593
852 ## - LOCALIZACIÓN
Ubicación ES-MaACL
Número de control de estantería C-1714(2)
Nota libre -- Enc. hol.
-- -- Legado de Modesto de la Fuente
-- -- Enc. 2 partes en 1 v.
856 ## - LOCALIZACIÓN Y ACCESO ELECTRÓNICOS
Identificador Uniforme de Recursos <a href="http://bdh-rd.bne.es/viewer.vm?id=0000051299&page=1 ">http://bdh-rd.bne.es/viewer.vm?id=0000051299&page=1 </a>
Nota pública Biblioteca Digital Hispánica
Holdings
Estatus retirado Estado de pérdida Estado de daño No para préstamo Colección Biblioteca de origen Biblioteca actual Ubicación en estantería Fecha de adquisición Fuente de adquisición Total de préstamos Signatura topográfica completa Código de barras Visto por última vez Precio de reemplazo Tipo de ítem Koha
        Colección digital Biblioteca del Ateneo de Madrid Biblioteca del Ateneo de Madrid Galería 17/01/2008     C-1714(2) 1175516 23/02/2023 23/02/2023 Libro impreso antiguo